Les talents s'activant avec la météo (Pokémon) - Statistiques

Statistiques générales
  • Ce quiz a été pris 16 fois
    13 depuis la dernière actualisation
  • Le résultat moyen est 18 sur 32
Statistiques - réponses
Climat/Météo Talent % Correct
Tempête de Sable Baigne Sable
100%
Soleil Chlorophylle
89%
Pluie Glissade
89%
Grêle/Neige Alerte Neige
78%
Soleil Force Soleil
78%
Soleil Sécheresse
78%
Soleil Terre Finale
78%
Tempête de Sable Voile Sable
78%
Toute météo Ciel Gris
67%
Grêle/Neige Corps Gel
67%
Pluie Crachin
67%
Pluie Cuvette
67%
Tempête de Sable Force Sable
67%
Pluie Hydratation
67%
Soleil Peau Sèche
67%
Pluie Peau Sèche
67%
Grêle/Neige Rideau Neige
67%
Toute météo Air Lock
56%
Grêle/Neige Chasse Neige
56%
Pluie Mer Primaire
56%
Soleil Paléosynthèse
56%
Soleil Météo
44%
Pluie Météo
44%
Tempête de Sable Sable Volant
44%
Soleil Don floral
33%
Tempête de Sable Envelocape
22%
Tempête de Sable Expul'Sable
22%
Soleil Feuille Garde
22%
Soleil Pouls Orichalque
22%
Soleil Récolte
11%
Toute météo Téraformation 0
11%
Tempête de Sable Garde Magik
0%
Aucun quiz correspondant
Distribution des résultats
% des personnes avec chaque résultat
Percentile par nombre de réponses
Votre historique - résultats
Vous n’avez pas pris ce quiz depuis la dernière actualisation